000 00478nam a22001697a 4500
003 OSt
005 20260223120443.0
008 241102b |||||||| |||| 00| 0 eng d
020 _a9780702085253
040 _aSRHU
_bEnglish
_cSRHU
082 _223rd
_a616.89
245 _a Sims Symptoms in the Mind : text Book of Descriptive Psychopathology
_c Oyebode, Femi
250 _a7th
260 _aU.K
_bElsevier
_c2023
300 _avii,369p
_c23cm
942 _2ddc
_cPSYCHIA
_e7th
999 _c19180
_d19180